Statistics for Books and their authors

Click here to take the quiz!

General Stats

  • This quiz has been taken 708 times
  • The average score is 8 of 17

Answer Stats

BookAuthor% Correct
Harry Potter SeriesJ.K.Rowling
96%
The Chronicles of NarniaC S Lewis
78%
Lord of the RingsJ R R Tolkien
76%
A Christmas CarolCharles Dickens
73%
Jane EyreCharlotte Bronte
70%
FrankensteinMary Shelley
66%
The Catcher in the RyeJ D Salinger
59%
Alice's Adventures In WonderlandLewis Carroll
58%
Twilight SeriesStephanie Meyer
52%
The Hunger GamesSuzanne Collins
49%
Pride and PrejudiceJane Austin
46%
The Hitch-Hikers Guide to the GalaxyDouglas Adams
40%
DivergentVeronica Roth
23%
The Mortal InstrumentsCassandra Clare
17%
The Day of the TriffidsJohn Wyndham
8%
Lunar ChroniclesMarissa Meyer
7%
The Power of OneBryce Courtenay
5%

Score Distribution

Percentile by Number Answered

Percent of People with Each Score

Your Score History

You have not taken this quiz